What Do You See, in the Sea? (Record no. 71)

MARC details
000 -LEADER
fixed length control field 00618nam a22002537a 4500
001 - CONTROL NUMBER
control field 71
003 - CONTROL NUMBER IDENTIFIER
control field FISKH
005 - DATE AND TIME OF LATEST TRANSACTION
control field 20230705130718.0
008 - FIXED-LENGTH DATA ELEMENTS--GENERAL INFORMATION
fixed length control field 230221b cb ||||| |||| 00| 0 eng d
020 ## - INTERNATIONAL STANDARD BOOK NUMBER
International Standard Book Number 9781604725490
040 ## - CATALOGING SOURCE
Original cataloging agency MePoLT
Transcribing agency MePoLT
Description conventions rda
Modifying agency FISKH
050 ## - LIBRARY OF CONGRESS CALL NUMBER
Classification number QL122 .M58
082 ## - DEWEY DECIMAL CLASSIFICATION NUMBER
Classification number 591.77
100 1# - MAIN ENTRY--PERSONAL NAME
Personal name Mitten, Luana.
245 10 - TITLE STATEMENT
Title What Do You See, in the Sea?
264 #1 - PRODUCTION, PUBLICATION, DISTRIBUTION, MANUFACTURE, AND COPYRIGHT NOTICE
Place of production, publication, distribution, manufacture Guangdong :
Name of producer, publisher, distributor, manufacturer Rourke Publishing,
Date of production, publication, distribution, manufacture, or copyright notice 2009.
300 ## - PHYSICAL DESCRIPTION
Extent 6 leaves of plates
Dimensions 15 cm.
521 8# - TARGET AUDIENCE NOTE
Target audience note 200
Source Lexile
521 8# - TARGET AUDIENCE NOTE
Target audience note C
Source Raz-Plus
650 ## - SUBJECT ADDED ENTRY--TOPICAL TERM
Topical term or geographic name entry element fish
650 ## - SUBJECT ADDED ENTRY--TOPICAL TERM
Topical term or geographic name entry element ocean
650 ## - SUBJECT ADDED ENTRY--TOPICAL TERM
Topical term or geographic name entry element ocean animals
942 ## - ADDED ENTRY ELEMENTS (KOHA)
Source of classification or shelving scheme Dewey Decimal Classification
Koha item type Books
Holdings
Withdrawn status Lost status Source of classification or shelving scheme Damaged status Not for loan Collection Home library Current library Shelving location Date acquired Total Checkouts Full call number Barcode Date last seen Date last checked out Price effective from Koha item type
    Dewey Decimal Classification     Non-Fiction Footprints International School Library Network Toul Kork Campus Footprints International School Library Network Toul Kork Campus TK Primary Library Room(4th Floor), Bookcase 7, Shelves 57-60, Dark Green Books 02/21/2023 1 MIT 591.77 22 QL122.2 .M58 2009 FISTK03701 02/24/2026 02/10/2026 02/21/2023 Books